000 00761nam a2200253Ia 4500
003 OSt
005 20220918170756.0
006 a|||||r|||| 00| 0
007 ta
008 220917b |||||||| |||| 00| 0 eng d
020 _a9780521128414 (pbk)
_c1263.15
024 _a289,711
037 _b121, 19/03/2016, Mallika Books
_cTextual
040 _aARTS
_cARTS
_beng
041 _2eng
_aeng
082 _aO111,1L57:g, Q5
100 _aMakdisi Saree
_931129
245 0 _aReading william blake
260 _aCambridge
_bCambridge University Press UK
_c2015
300 _axii, 137p.
_ccm.
650 _aENGLISH LITERATURE
942 _hO111,1L57:g, Q5
_cTEXL
_2CC
999 _c135710
_d135710